000 00597nam a2200205Ia 4500
001 12805
003 GE_BSU
008 181216s||||||||xx |||||||||||||| ||und||
040 _cGE_BSU
080 _a631.6
100 _aКостяков,А.Н.
245 _aИзбранные труды в двух томах. т.2
245 _cРед.В.П.Орлова. Челышкин,Ю.П.
260 _aМосква
260 _bСельхозгиз
260 _c1961
300 _a742стр.илл.фото.27см.
653 _aИзбранные труды в двух томах
942 _cBK
999 _c45976
_d45976